000 00287nam a22001337a 4500
008 170503b xxu||||| |||| 00| 0 eng d
020 _a9781422474334
041 _aeng
080 _a34
100 _a13
101 _aSHJ
245 _aCONSTITUTIONAL LAW
_cVARAT.J.D
942 _2udc
_cBK
999 _c12532
_d12532